000 00195nam a2200085 4500
001 1233700
005 20250925114230.0
245 _aÇİZGİ BİLİM MARIE CURIE
_cGÖKÇE AKGÜL
260 _bTÜBİTAK
999 _c1233700
_d1233700